| 000 | 00518nam a22001937a 4500 | ||
|---|---|---|---|
| 003 | OSt | ||
| 005 | 20140310181910.0 | ||
| 008 | 130712t xxu||||| |||| 00| 0 eng d | ||
| 020 | _a9715113168 | ||
| 050 |
_aPZ 1 _b.P123 1993 |
||
| 082 |
_aFIL 808.899282 _bP13 1993 |
||
| 100 | _aPadilla, Blessie C. | ||
| 245 |
_aAte na si Arra / _cBlessie C. Padilla. |
||
| 260 |
_aManila : _bHiyas Children's Collection, _c1993. |
||
| 300 |
_a11 p. : _c22 cm. |
||
| 650 | _aShort Stories | ||
| 942 |
_2lcc _cBK |
||
| 999 |
_c6495 _d6495 |
||